Latín: gramática, texto de traducción e instituciones 3er. año

Uloženo v:
Podrobná bibliografie
Hlavní autor: Orea García, Victorino (autor)
Médium: Kniha
Jazyk:španělština
Vydáno: Madrid Didascalia 1983
Témata:
Tagy: Přidat tag
Žádné tagy, Buďte první, kdo vytvoří štítek k tomuto záznamu!

MARC

LEADER 00000nam a2200000 a 4500
001 UCX2834
003 CL-VaPUC
008 910821e19830000SP |||||||||||||||||spa|d
082 0 4 |a 475  |b ORE  |2 21 
100 |a Orea García, Victorino  |e autor  |9 429692 
245 1 0 |a Latín: gramática, texto de traducción e instituciones 3er. año 
300 |a 327 p 
942 |c BK 
945 |d 19910821 00:00:00 
260 |a Madrid  |b Didascalia  |c 1983 
600 0 7 |a FERNANDEZ GIRON, ALBERTO  |2 CL-VaPUC  |9 318933 
583 |a last modification  |c 19910821 00:00:00  |k Rodrigo Vera 
999 |c 223770  |d 223768 
952 |0 0  |1 0  |4 0  |6 475_000000000000000_ORE_1983  |7 0  |8 A  |9 219869  |a BIBEDU  |b BIBEDU  |d 2019-11-15  |i 2885522  |l 1  |o 475 ORE 1983  |p 2885522  |r 2024-04-12  |s 2024-04-08  |w 2019-11-15  |y BK  |k LIT 
952 |0 0  |1 0  |4 0  |6 475_000000000000000_ORE_1983  |7 0  |8 A  |9 219870  |a BIBEDU  |b BIBEDU  |d 2019-11-15  |i 2885530  |o 475 ORE 1983  |p 2885530  |r 2019-11-15  |w 2019-11-15  |y BK  |k LIT